000
00301nam a22001097a 4500
008
160421b xxu||||| |||| 00| 0 eng d
020
_a
0323023916
041
_a
eng
080
_a
618.2
245
_a
Nursing outcomes classification [ NOC]
_c
Sue Moorhead ; Marion Johnson; Meridean Maas;
942
_2
udc
_c
BK
999
_c
1492
_d
1492